[Event "Pardubice Czech op-E 30th"]
[Site "Pardubice"]
[Date "2019.07.11"]
[Round "1.4"]
[White "Vyskocil, Neklan"]
[Black "Hudec, Ondrej"]
[Result "1-0"]
[WhiteElo "2304"]
[BlackElo "1914"]
[PlyCount "53"]
[EventDate "2019.07.11"]
[EventType "team-swiss"]
[EventRounds "7"]
[EventCountry "CZE"]
[SourceTitle "EXT 2020"]
[Source "ChessBase"]
[SourceDate "2019.10.17"]
[SourceVersion "1"]
[SourceVersionDate "2019.10.17"]
[SourceQuality "1"]
[WhiteTeam "Brno Duras"]
[BlackTeam "Praha Oaza III"]
[WhiteTeamCountry "CZE"]
[BlackTeamCountry "CZE"]

1. e4 Nf6 2. e5 Nd5 3. Nc3 Nb6 4. a4 d6 5. Nf3 Bg4 6. h3 Bh5 7. a5 N6d7 8. g4 Bg6 9. e6 fxe6 10. Ng5 Nf6 11. Bg2 c6 12. Nxe6 Qc8 13. Nf4 Bf7 14. d4 e5 15. Qe2 Be7 16. dxe5 dxe5 17. Nd3 Nbd7 18. Nxe5 Nxe5 19. Qxe5 0-0 20. 0-0 Re8 21. Bf4 Bg6 22. Qd4 Bxc2 23. Qc4+ Kh8 24. a6 Nd5 25. Nxd5 cxd5 26. Qxd5 bxa6 27. Rfc1 1-0

[Event "CZE-chT rap"]
[Site "Pardubice"]
[Date "2015.07.16"]
[Round "1.4"]
[White "Hudec, Ondrej"]
[Black "Petrova, Kristyna"]
[Result "0-1"]
[WhiteElo "1941"]
[BlackElo "2317"]
[PlyCount "106"]
[EventDate "2015.07.16"]
[EventType "team-swiss"]
[EventRounds "7"]
[EventCountry "CZE"]
[SourceTitle "CBM 167 Extra"]
[Source "ChessBase"]
[SourceDate "2015.09.14"]
[SourceVersion "1"]
[SourceVersionDate "2015.09.14"]
[SourceQuality "1"]

1. e4 c5 2. c4 Nc6 3. Nc3 g6 4. g3 Bg7 5. Bg2 d6 6. Nf3 e6 7. 0-0 Nge7 8. Ne2 e5 9. d3 0-0 10. Bg5 f6 11. Be3 Be6 12. Nc3 Qd7 13. Qd2 Rab8 14. a4 a6 15. Nd5 Kh8 16. Ne1 f5 17. Nf3 fxe4 18. dxe4 Nd4 19. Nxd4 exd4 20. Bg5 Ng8 21. h4 b5 22. axb5 axb5 23. b3 Nf6 24. Ra6 bxc4 25. bxc4 Nxd5 26. exd5 Bf5 27. Rfa1 d3 28. Ra7 Rb7 29. Ra8 Qf7 30. Bh6 Kg8 31. Bf1 Bxh6 32. Qxh6 Qg7 33. Rxf8+ Qxf8 34. Qxf8+ Kxf8 35. Rd1 Rb4 36. Bxd3 Bxd3 37. Rxd3 Rxc4 38. Kg2 Ke7 39. Kf3 Rc1 40. Ke3 Re1+ 41. Kd2 Ra1 42. Rf3 Ra4 43. Rd3 Kf6 44. Rf3+ Ke5 45. Rf7 Kxd5 46. Rxh7 Kd4 47. h5 gxh5 48. Rxh5 Ra2+ 49. Ke1 c4 50. Rh6 d5 51. Rd6 c3 52. g4 Ra1+ 53. Ke2 c2 0-1